Score 0/12 Timer 05:00
0 Plays Today
Name % Correct
Chad Michael MurrayLucas Scott
99.6%
James LaffertyNathan Scott
99.4%
Paul JohanassonDan Scott
96.6%
Hilarie BurtonPeyton Sawyer
96%
Bethany joy GaleottiHaley James
95%
Sophia BushBrooke Davis
94.2%
Craig ShefferKeith Scott
91.2%
Barbara WoodsDeb Scott
89.9%
Antwon Tannor Skills
88.9%
Moira KellyKaren Roe
80.6%
Lee NorrisMouth McFadden
68.5%
Jackson Brundage James Lucas Scott
68.2%
Remove Ads.
Support Sporcle.
Get the best of Sporcle when you Go Orange. This ad-free experience offers more features, more stats, and more fun while also helping to support Sporcle. Thank you for becoming a member.

You're not logged in!

Compare scores with friends on all Sporcle quizzes.
OR
Log In

Show Comments

Extras

Created Oct 1, 2009ReportNominate
Tags:Character, hill, One Tree Hill, tree

Top Quizzes Today


Score Distribution

Your Account Isn't Verified!

In order to create a playlist on Sporcle, you need to verify the email address you used during registration. Go to your Sporcle Settings to finish the process.

Report this User

Report this user for behavior that violates our Community Guidelines.

Details: